000 00700nam a22001695i 4500
001 152249
003 ES-MaACL
005 20250920063103.0
008 950206m18631864fr |||| | fre d
040 _aCLM
_bspa
_cCCPB | PA2
100 1 _aBlock, Maurice,
_d1816-1901
_9154518
245 1 0 _aDictionnaire général de la politique /
_cpar Maurice Block ; avec la collaboration d'hommes d'état, de publicistes et d'écrivains de tous les pays.
260 _aParis :
_bO. Lorenz, libraire-éditeur,
_c1863-1864 (
_eStrasbourg :
_fImprimerie de Veuve Berger-Levrault)
300 _a2 v. (VI, 1176 ; 1140) ;
_c24 cm.
852 _aES-MaACL
_jB-91-92
_z-- Enc. pasta
999 _c152249
_d152249